000
00315nam a2200145Ia 4500
100
_a
Hetzel/ Bill
942
_c
BK
654
_a
Computer
245
_a
Making Softwares measurement work
260
_b
Shroff Publishers
_a
Bombay
_c
1993
082
_a
5.14
_b
PAN
300
_a
504
546
_a
ENGLISH
999
_c
28703
_d
28703